• 首页
  • 本馆介绍
  • 公告通知
  • 最新文献
  • 馆藏检索
  • 电子资源
  • 读者导购
  • 参考咨询
  • 我的图书馆
  • 登录
  • 详细信息显示
  • 放入我的书架
  • 预约/预借图书
  • 作者相关作品
  • 分类相关作品
  • 丛书相关作品
  • 出版社相关作品

书目信息

  • 表格格式
  • 工作单格式
  • 卡片格式
题名:
石油化学工程基础实验指导
    
 
作者: 孙亮 , 马占华 , 王万里 主编
分册:  
出版信息: 北京   中国石化出版社  2012
页数: 190页
开本: 26cm
丛书名:
单 册:
中图分类: TE621
科图分类:
主题词: 石油化学--高等学校--教材 , 石油化学
电子资源:
ISBN: 978-7-5114-1503-5
000 01000nam0 2200277 450
001 012015000262
005 20150914103437.02
010    @a978-7-5114-1503-5@dCNY30.00
100    @a20120930d2012 em y0chiy50 ea
101 0  @achi
102    @aCN@b110000
105    @ay z 000yy
106    @ar
200 1  @a石油化学工程基础实验指导@Ashi you hua xue gong cheng ji chu shi yan zhi dao@f孙亮,马占华,王万里主编
210    @a北京@c中国石化出版社@d2012
215    @a190页@d26cm
300    @a普通高等教育“十二五”规划教材
330    @a本书旨在介绍石油化学工程基础实验研究全过程所涉及的基本问题,内容包括工程问题的实验研究方法、实验规划和流程设计、化工测量技术及常用仪表、化工原理基础实验技术和计算机数据处理等方面的内容。
606 0  @a石油化学@x高等学校@j教材
606 0  @a石油化学
690    @aTE621@v5
701  0 @a孙亮@Asun liang@4主编
701  0 @a马占华@Ama zhan hua@4主编
701  0 @a王万里@Awang wan li@4主编
801  0 @aCN@b碧洲教育@c20150716
905    @a10447@f4@dTE621@e33
    
    石油化学工程基础实验指导/孙亮,马占华,王万里主编.-北京:中国石化出版社,2012
    190页;26cm
    普通高等教育“十二五”规划教材
    
    ISBN 978-7-5114-1503-5:CNY30.00
    本书旨在介绍石油化学工程基础实验研究全过程所涉及的基本问题,内容包括工程问题的实验研究方法、实验规划和流程设计、化工测量技术及常用仪表、化工原理基础实验技术和计算机数据处理等方面的内容。
●
相关链接 在E读中查询图书 在五车中查询图书 在当当中查询图书 在豆瓣中查询图书


正题名:石油化学工程基础实验指导     索取号:TE621/33         预约/预借

序号 登录号 条形码 馆藏地/架位号 状态 备注
1 0870037   208700379   第二样本阅览室/ [索取号:TE621/33] 在馆    
2 0870038   208700388   第三借阅区/ [索取号:TE621/33] 在馆    
3 0870039   208700397   密集书库-化学系/ [索取号:TE621/33] 在馆    
4 0870040   208700404   第三借阅区/ [索取号:TE621/33] 在馆    
唐山师范学院图书馆 欢迎您!
大连网信软件有限公司© 版权所有